| 000 | 00604nam a22001937a 4500 | ||
|---|---|---|---|
| 003 | OSt | ||
| 005 | 20191018154158.0 | ||
| 008 | 161019b xxu||||| |||| 00| 0 eng d | ||
| 020 | _a978-84-666-4001-5 | ||
| 040 | _cCRI | ||
| 082 | _a808.06846 | ||
| 100 | 1 |
_940179 _aGómez, Menchu |
|
| 245 |
_aAventuras de una gallina emprendedora _b: Una inyección de optimismo para el trabajo y la vida _cMenchu Gómez y Rubén Turienzo |
||
| 260 |
_aBarcelona _bB,S,A _c2009 |
||
| 300 |
_a190 p. _c23 cm. |
||
| 650 | 0 |
_930815 _aCuento español |
|
| 700 | 1 |
_940180 _aTurienzo, Rubén |
|
| 942 |
_2ddc _cBK _hprozim |
||
| 999 |
_c26287 _d26287 |
||